000 00692nam a2200289Ia 4500
005 20260324142008.0
008 008 260324s9999 xx 000 0 eng d
020 _a9780203431719
037 _aEBOOK
040 _aCRL
040 _beng
040 _cCRL
041 _2eng
041 _aeng
084 _qCRL
100 _aPaul Kapteyn
_91210296
245 4 _aThe Stateless Market
245 4 _bThe European Dilemma of Integration and Civilization
260 _bTaylor and Francis
260 _c1996
365 _a
365 _b70.99
856 _uhttp://www.taylorfrancis.com/books/9780203431719
942 _cEBOOK
999 _c1813986
_d1813986